| 000 | 00789nam a22002175i 4500 | ||
|---|---|---|---|
| 001 | 176312 | ||
| 003 | ES-MaACL | ||
| 005 | 20251011063155.0 | ||
| 008 | 110107s1972 sp |||| | spa d | ||
| 080 | _a821.134.2--311.1"19" | ||
| 100 | 1 |
_aPrieto, Antonio, _d1930- _9151033 |
|
| 245 | 1 | 0 |
_aElegía por una esperanza / _cAntonio Prieto ; estudio, notas y comentarios de texto por Ángel Valbuena Prat. |
| 260 |
_aMadrid : _bNarcea, _cD. L. 1972. |
||
| 300 |
_a279 p. ; _c18 cm. |
||
| 490 | 1 |
_aBitácora. Biblioteca del estudiante ; _v28 |
|
| 504 | _aBibliografía: p. 45-51. | ||
| 700 | 1 |
_aValbuena Prat, Ángel, _d1900-1977 _9112459 |
|
| 830 | 0 |
_aBitácora. Biblioteca del estudiante ; _v28 _9181903 |
|
| 852 |
_aES-MaACL _jE-13960 _xOlim P-1892 |
||
| 999 |
_c176312 _d176312 |
||